00548nam a2200181 a 4500020001800000082001800018100001400036245005600050260003700106300000900143500003500152650002900187650001300216700001400229942000700243952009900250999001700349 a8183241514 00a305.8914bDAN aDaniel, M aSocio-Cultural and Religious Life of Mao Naga Tribe aDelhibMittal Publication c2008 a121p aincludes index and biblioraphy aNorth East India-Culture aNagaland1 aDaniel, M cBK 00104070aHMIbHMId2010-01-05g300.00l0o300.8914 DANp022970r2010-01-05w2026-01-16yBK c14372d14372